000 01031nam a22003257a 4500
003 CHAP
005 20220329135255.0
008 971013s1974 r 00010 d
010 _a33637
011 _a34609
035 _a38725
040 _cCHAP
090 _aTesis
100 0 0 _aMedina Martínez, Rubén.
_973991
245 _aCombate químico de plagas del frijol en Zacatecas, México
260 _aJuárez, Chih. :
_bEl autor,
_c1974
300 _a61 h.
_b: ilus
502 _aTesis (Ing. Agrónomo) -- Esc. Superior de Agricultura Hermanos Escobar
590 _aALEPH
_b10
_c20130110
_lUCH01
_h1258
590 _aBATCH-UPD
_b10
_c20130110
_lUCH01
_h1629
590 _aBATCH-UPD
_b10
_c20130410
_lUCH01
_h1022
590 _aBATCH-UPD
_b10
_c20130914
_lUCH01
_h1041
590 _aCONVERSION
_b10
_c20130109
_lUCH01
_h1319
650 1 4 _aControl de plagas.
_927595
650 1 4 _aFrijol
_xPlagas.
_943415
650 1 4 _aInsecticidas.
_958855
901 _aBK
942 _cTESIS
949 _bBC
_cTES
_d-88507
_eTS1
_h19531
_i38725
_si
999 _c33637
_d33637